Guión para exponer la línea de la unidad popular trazada con vista a la consulta interna del partido
محفوظ في:
| مؤلف مشترك: | |
|---|---|
| التنسيق: | نص |
| منشور في: |
San Salvador :
|
| الوسوم: |
إضافة وسم
لا توجد وسوم, كن أول من يضع وسما على هذه التسجيلة!
|
MARC
| LEADER | 00000 a a2200000 04500 | ||
|---|---|---|---|
| 001 | 16583 | ||
| 003 | |||
| 040 | |||
| 090 | |a EXTRAVIADO | ||
| 110 | |a Partido Comunista de El Salvador | ||
| 245 | |a Guión para exponer la línea de la unidad popular trazada con vista a la consulta interna del partido | ||
| 260 | |a San Salvador : | ||
| 300 | |a 1 p. | ||
| 999 | |c 5842 |d 5842 | ||
